| 000 | 01069cam a22002894a 4500 | ||
|---|---|---|---|
| 001 | 15741437 | ||
| 003 | OSt | ||
| 005 | 20150408113918.0 | ||
| 008 | 090518s2010 nyua b 001 0 eng | ||
| 010 | _a 2009019989 | ||
| 020 | _a9780072418750 (acidfree) | ||
| 020 | _a0072418753 (acidfree) | ||
| 040 |
_aDLC _cDLC _dDLC |
||
| 050 | 0 | 0 |
_aPE1408 _b.H68524 2010 |
| 082 | 0 | 0 |
_a808.042 _222 _bHRW |
| 100 | 1 |
_aHoward, Rebecca Moore. _94186 |
|
| 245 | 1 | 0 |
_aWriting matters : _ba handbook for writing and research / _cRebecca Moore Howard. |
| 250 | _a1st ed. | ||
| 260 |
_aNew York, NY : _bMcGraw-Hill, _cc2010. |
||
| 300 |
_axxx, 867 p. : _bcol. ill. ; _c20 cm. |
||
| 504 | _aIncludes bibliographical references and indexes. | ||
| 650 | 0 |
_aEnglish language _vRhetoric _vHandbooks, manuals, etc. _94071 |
|
| 650 | 0 |
_aAcademic writing _vHandbooks, manuals, etc. _94072 |
|
| 906 |
_a7 _bcbc _corignew _d1 _eecip _f20 _gy-gencatlg |
||
| 942 |
_2ddc _cDVD |
||
| 999 |
_c14310 _d248810 |
||